| 000 | 00676nam a22002417a 4500 | ||
|---|---|---|---|
| 003 | UA-OsUOA | ||
| 001 | 89109 | ||
| 007 | ta | ||
| 008 | 20121026b un ||||| |||| 00| 0 ukr d | ||
| 100 | _aГрушковський І. | ||
| 090 |
_a82-94 _bГ91 |
||
| 942 | _cBK | ||
| 040 |
_aUA-OsUOA _bukr _cUA-OsUOA _dUA-OsUOA |
||
| 245 |
_aУкраїна - в небезпеці _bзбірка історико-публіцистичних творів |
||
| 300 | _a48 с. | ||
| 955 | _a4 | ||
| 041 | _aukr | ||
| 080 | _a82-94 | ||
| 260 |
_aК. _c2012 |
||
| 250 | _nсьоме | ||
| 650 | 7 |
_a82 Література. Літературознавство _2UDC |
|
| 999 |
_c375388 _d375388 |
||